Planeamiento especial y rehabilitación urbana (Registro nro. 12391)

Detalles MARC
000 -LEADER
longitud fija campo de control 02478nam a22004577a 4500
003 - IDENTIFICADOR DE NUMERO DE CONTROL
control del campo AR-RoUNA
005 - FECHA DE LA ULTIMA MODIFICACION
control del campo 20260422085505.0
008 - CAMPO DE CONTROL - LIBROS
longitud fija campo de control 260420b |||||||| |||| 00| 0 spa d
040 ## - ORIGEN DE LA CATALOGACION
Agencia que cataloga la obra original AR-RoUNA
Idioma en que se cataloga spa
Entidad que modifico el registro AR-RoUNA
041 ## - CODIGO DE IDIOMA
Codigo de idioma del texto / sonido o titulo separado spa
044 ## - CODIGO DE PAIS / ENTIDAD PRODUCTORA
Codigo MARC del pais ag
110 2# - ASIENTO PRINCIPAL - AUTOR INSTITUCIONAL
Nombre corporativo o de jurisdiccion como elemento de entrada España. Ministerio de Obras Públicas y Urbanismo.
Unidad subordinada Instituto del Territorio y Urbanismo. Federación Española de Municipios y Provincias Madrid
9 (RLIN) 27693
245 10 - TITULO PROPIAMENTE DICHO
Titulo Planeamiento especial y rehabilitación urbana
260 ## - EDITORIAL - PUBLICACION, DISTRIBUCION, ETC. (Pie de imprenta)
Lugar de publicacion, distribucion, etc Madrid :
Nombre del editor, distribuidor, etc Centro de Publicaciones. Secretaría General Técnica, MOP,
Fecha de publicacion 1986.
300 ## - DESCRIPCION FISICA
Extension 168 p. :
Otros detalles fisicos il. byn.,
-- planos,
-- tablas,
-- il. col.,
Dimensiones 29x21 cm.
505 0# - NOTA DE CONTENIDO CON FORMATO
Título INDICE
505 0# - NOTA DE CONTENIDO CON FORMATO
Título PRESENTACIONES
505 0# - NOTA DE CONTENIDO CON FORMATO
Título SALAMANCA
505 0# - NOTA DE CONTENIDO CON FORMATO
Título principal Fernando Contreras Gayoso / Plan Especial de Protección y Reforma Interior del Recinto Universitario y Zona Histórico-Artísitca de Salamanca. p. 11
505 0# - NOTA DE CONTENIDO CON FORMATO
Título principal Manuel Campo Hernández / Política Municipal de Defensa y Recuperación de la Ciudad Histórica. Exposición del PEPRI de Salamanca y de la Política de Rehabilitación de Vivienda. p. 25
505 0# - NOTA DE CONTENIDO CON FORMATO
Título principal Alberto López Asenjo / Desarrollo y Gestión del PEPRI de Salamanca. Operación Piloto de Actuación Conjunta y Ayuda Municipal a la Rehabilitación. Balance Provisional. p. 27
505 0# - NOTA DE CONTENIDO CON FORMATO
Título PAMPLONA
505 0# - NOTA DE CONTENIDO CON FORMATO
Título principal Sigifredo Martín Sánchez y JAvier Torrens Alzu / Plan Especial de Protección y Reforma Interior del Burgo de San Cernin en el Casco Antiguo de Pamplona. p. 33
505 0# - NOTA DE CONTENIDO CON FORMATO
Título principal Jesús Aramendía PArdo / Consideraciones generales. Oficina Municipal de Información y Gestión para la Rehabilitación de vivienda en Pamplona. p. 44
505 0# - NOTA DE CONTENIDO CON FORMATO
Título BARCELONA
505 0# - NOTA DE CONTENIDO CON FORMATO
Título principal Juan Busquets Grau y Ricardo Fayos Moles / Nueva Renovación de los Centros históricos. Rehabilitación y Planeamiento Urbanístico. El caso de Barcelona. p. 59
505 0# - NOTA DE CONTENIDO CON FORMATO
Título principal Germán Vidal Rebull, Antonio Heras González y Amadeo Iglesias Unzue / La rehabilitación de viviendas en Barcelona. p. 68
505 0# - NOTA DE CONTENIDO CON FORMATO
Título ANEXO
505 0# - NOTA DE CONTENIDO CON FORMATO
Título principal Notas finales. p. 161
505 0# - NOTA DE CONTENIDO CON FORMATO
Título principal Personalidades y ponentes. p. 164
505 0# - NOTA DE CONTENIDO CON FORMATO
Título principal Asistentes. 165
650 #4 - MATERIA - TERMINO TEMATICO
Término temático general Urbanismo
650 #4 - MATERIA - TERMINO TEMATICO
Término temático general Rehabilitación urbana
651 #4 - MATERIA - NOMBRE GEOGRAFICO
Termino geografico Salamanca (España)
9 (RLIN) 5083
651 #4 - MATERIA - NOMBRE GEOGRAFICO
Termino geografico Barcelona (España)
9 (RLIN) 84
651 #4 - MATERIA - NOMBRE GEOGRAFICO
Termino geografico Pamplona (España)
9 (RLIN) 15733
908 ## - SOPORTE
Soporte Imp
942 ## - FUENTE DE CLASIFICACION
Clasificacion Universal Decimal Classification
Tipo de item Libro
945 ## - INFORMACION DE PROCESAMIENTO
Fecha de ingreso o modificacion 2026-04-20
980 ## - DECLARACIÓN DE EQUIVALENCIA O SERIE DE REFERENCIA CRUZADA - NOMBRE / TÍTULO PERSONAL [LOCAL, CANADÁ]
Código del operador 5
Nombre del operador María Machado
Código del operador que modifico el registro 5
Nombre del operador que modifico el registro María Machado
Existencias
Estado retiro Estado perdido Sistema de clasificacion Estado general Biblioteca de origen Ubicacion actual Fecha de adquisicion Prestamos totales Proveedor Numero de ejemplar Tipo de elemento KOHA Nota no publica
Disponible Disponible udc No dañado Biblioteca CURDIUR Biblioteca CURDIUR 20/04/2026   LCUR-0369 ej. 1 Libro